Quizzes
Events
Quiz Creation
Community
Videos
Private Events
Remove Ads
Sign In
Join for FREE
Feedback
Dark Mode
Quiz Categories
Sports
Geography
Music
Movies
Television
Just For Fun
Miscellaneous
History
Literature
Language
Science
Gaming
Entertainment
Religion
Holiday
For Kids
Quiz Lab
Recent
Popular Today
Quiz Kudos Today
Editor Picks
Curator Picks
Quizzes by...
Day
Popularity
Type
Ratings
Length
Year
Community
Subscriptions
Recent Discussions
Orange Saloon
Badges
Playlists
Quests
Create
Leaderboards
Showdown
Live 5
Trivia Bingo
Activity
Puzzle Library
Sporcle Events
Private Events
Virtual Trivia
Globe League
Become a Host
Pub Owners
SporcleCon
Opinionation
Our Games
Videos
Blog
Mobile Apps
Partnerships
Remove Ads and Go Orange
Feedback
Movies
Disney
Marvel Cinematic Universe
Movie Resume
Movie Titles
Oscar
Actor
Actress
Director
Pixar
Role
Movie Quotes
Movie Characters
Box Office
Nominee
Best Picture
Star Wars
James Bond
Horror Movies
Movies
Disney
Marvel Cinematic Universe
Movie Resume
Movie Titles
Oscar
Actor
Actress
Director
Pixar
Role
Movie Quotes
Movie Characters
Box Office
Nominee
Best Picture
Star Wars
James Bond
Horror Movies
Random Quiz
Search Sporcle
×
Quiz Lab
Quiz Lab
Movies
Quote
Select answers by clicking on text or image buttons
Select answers by clicking on text or image buttons
Clickable
Best Score? Go Orange.
Match The Quotes To The Movies, Part 3 Stats
Can you match the quotes to the movies?
By
AndyDufresne
10m
20 Questions
376 Plays
376 Plays
376 Plays
Comments
Comments
Give Quiz Kudos
Give Quiz Kudos
-
- Ratings
hide this ad
Forced Order
Answers have to be entered in order
Answers have to be entered in order
Replay
Link that replays current quiz
Next Quiz
Link to next quiz in quiz playlist
You Got
0%
They Got
Avg Score
45%
Avg Friend Score
Upgrade to see
Score Distribution
Jump to the score distribution portion of the page
Score
0/20
Timer
10:00
0
Plays Today
% Correct
Airplane
89.1%
American Psycho
75.5%
Harry Potter & The Chamber Of Secrets
69.1%
Reservoir Dogs
67.6%
Fight Club
58%
Gangs Of New York
56.6%
Anchorman: The Legend Of Ron Burgundy
54.3%
The Day After Tomorrow
52.7%
Edward Scissorhands
50.8%
Wayne's World
50.8%
% Correct
Novocaine
46.5%
Jurassic Park
42%
Men In Black
38.8%
Eragon
34.6%
Tommy Boy
27.7%
Malice
25.5%
Up
21.3%
Magnolia
21%
The Town
20.5%
Treasure Planet
17.6%
Quiz Playlist
Details
Report
Send in Message
Add To Playlist
Clickable:
Select answers by clicking on text or image buttons
Forced Order:
Answers have to be entered in order
Quiz Source
Last Updated: Feb 16, 2017
Quiz Scoreboard
CHALLENGE
Sign Up to Join the Scoreboard
Show All
Scores
Hide
Comments
May contain spoilers
Recently Published
Presidents Visiting Landmarks
by Hejman
History
7m
An Introduction to Baseball
by treessimontrees
Sports
5m
Movies - When Are They Set?
by FPL_Elf
Movies
5m
More to Explore
Quiz From the Vault
Featured Blog Post
Where Did the Easter Bunny Come From?
hide this ad
You Might Also Like...
Tags
Clickable Quiz
Quote Quiz
Today's Top Quizzes in Movies
Browse Movies
hide this ad
Today's Top Quizzes in Quote
Browse Quote
Top Contributed Quizzes in Movies
1
Pick 5 Posters: Directed by Spielberg
2
Pick 5 Posters: Lowest-Rated Spielberg
3
7-to-1: Pixar Characters
4
Multi-Oscar Nominations, One Movie, One Winner
5
Pick 5 Posters: Directed by Scorsese
6
12 Movies about Fictional 1960s Events
7
Pick 5 Posters: Star & Director
8
Sorting Actors
9
Sorting Actresses
10
One Thing in Common: Movies
Explore More
Trending Topics
Disney
Harry Potter
Crossword
Marvel
Anime
NBA
Kpop
Puzzle
Soccer
NFL
Country
Pokémon
WWE
Song
The Office
hide this ad
More By:
AndyDufresne
Quiz
Plays
Rating
Category
Featured
Created
25 2001 Movies By IMDB Summary
2,225
4.38
Movies
Feb 6, 2019
25 More 2013 Movies By IMDB Summary
603
4.80
Movies
Aug 5, 2015
25 1993 Movies By IMDB Summary
484
4.38
Movies
Jun 15, 2015
25 1995 Movies By IMDB Summary
479
4.63
Movies
Jun 17, 2015
25 1994 Movies By IMDB Summary
438
4.10
Movies
Jun 16, 2015
Go to Creator's Profile
Score Distribution
Quiz Creator Spotlight
AndyDufresne
Follow
Send a Message
Quizzes Created
-
Created Quiz Play Count
-
More By This Creator
Popular Quizzes Today
1
Find the US States - No Outlines Minefield
2
Find the Countries of Europe - No Outlines Minefield
3
The Countries of the World
4
Find the US States
5
Popular People in 1961
6
US States
7
Risky Map Clicking: Biggest States A-Z
8
1-10 Letter E Words III
More Movies Quizzes
Movie by Helicopter Scene
Editor's Pick
Trending Quizzes
Risky Map Clicking: Least Populous States A-Z
1-10 Letter G Words
1-10 Letter F Words
One Thing in Common: United Kingdom
Risky Map Clicking: Next State Alphabetically
Recently Updated
Leaping Animals
pecheneg
Reality TV Shows (A-Z)
bhenderson79
Rickey Henderson's Hall of Fame Teammates
pecheneg
Champions League XIs: Arsenal
pecheneg
Quick Pick: Celebrities in WWE's Hall of Fame
aduchscher
A-Z Keypad Blitz II
pecheneg
Multiple Oscar Actors
pecheneg
Mystery Phrase Blitz: Oscar 'Best Actors'
pecheneg
F. Scott Fitzgerald Novels
LTH
Pick 3 Villains
ddd62291
Trending Topics
Marvel
Crossword
Kpop
Harry Potter
Anime
NBA
Disney
NFL
WWE
The Office
Song
Puzzle
Pokémon
Soccer
Country
Your Account Isn't Verified!
In order to create a playlist on Sporcle, you need to verify the email address you used during registration. Go to your
Sporcle Settings
to finish the process.
Report this User
Report this user for behavior that violates our
Community Guidelines
.
Details:
Send Report
Go to the Sporcle.com Mobile Site →
Comments